| 000 | | | 04079nmc2a2200000 x 450 |
| 001 | | | 559e9fd3-32f8-4229-a8cf-95a0f1245507 |
| 005 | | | 20170921020338.0 |
| 100 | ## | $a | 20140401l18631864k l0rusy0189 ca |
| 101 | 0# | $a | rus |
| 102 | ## | $a | RU |
| 200 | 1# | $a | Дело о выкупе земельных наделов временнообязанными крестьянами Ф.П. Сафонова сельца Павловского Ливенского уезда Орловской губернии |
| | $j | 2 октября 1863 г. - 8 ноября 1864 г. |
| 251 | ## | $c | Дело |
| 300 | ## | $a | Дело |
| 300 | ## | $a | Ориг. заголовок дела: Дело Сафонова Ф.П. Орловской губернии Ливенского уезда сельца Павловского. 2 октября 1863 г. - 8 ноября 1864 г |
| 801 | #0 | $a | RU |
| | $b | РГИА |
| | $c | 20140401 |
| | $g | RCR |
| 801 | #1 | $a | RU |
| | $b | ГлавНИВЦ |
| | $c | 20140401 |
| | $2 | rusmarc |
| 801 | #2 | $a | RU |
| | $b | ПБ им. Б.Н. Ельцина |
| | $c | 20170921 |
| | $g | RCR |
| | $2 | rusmarc |
| 850 | ## | $a | РГИА |
| 852 | ## | $a | РГИА |
| | $e | Федеральное казенное учреждение "Российский государственный исторический архив" (РГИА) |
| | $j | 1691 |
| 937 | ## | $h | РГИА |
| | $d | 11067722 |
| | $a | ASBIBLIO_SCAN |
| 462 | #0 | $1 | 0012327ab3a-0548-404e-b4cb-e37355ac5039 |
| | $1 | 2001 |
| | $a | 1863-1889 гг. |
| | $1 | 251 |
| | $c | Опись |
| | $1 | 852 |
| | $j | 26 |
| 461 | #0 | $1 | 0018ef30ad5-ff5c-4840-a721-74c62a200f95 |
| | $1 | 2001 |
| | $a | Главное выкупное учреждение Министерства финансов |
| | $1 | 251 |
| | $c | Фонд |
| | $1 | 852 |
| | $j | 577 |
| 215 | ## | $a | 40 л. |
| | $d | 36,5х26 см |
| 371 | ## | $a | Документ не является опубликованным и широко распространяемым |
| 105 | ## | $a | y### |
| 122 | 2# | $a | d |
| 517 | 1# | $a | Дело Сафонова Ф.П. Орловской губернии Ливенского уезда сельца Павловского. 2 октября 1863 г. - 8 ноября 1864 г. |
| 035 | ## | $a | 559e9fd3-32f8-4229-a8cf-95a0f1245507 |
| 856 | ## | $u | http://readingroom.main.prlib.ru/item.aspx?id_node=n105147573&mode=full |